Make a PACT with the Woolf (Record no. 68282)
[ view plain ]
| 000 -LEADER | |
|---|---|
| fixed length control field | 01471cam a2200241 4500 |
| 001 - CONTROL NUMBER | |
| control field | ABS64518 |
| 008 - FIXED-LENGTH DATA ELEMENTS--GENERAL INFORMATION | |
| fixed length control field | 010917n2001 000 0 eng u |
| 035 ## - SYSTEM CONTROL NUMBER | |
| System control number | (Sirsi) u114617 |
| 100 ## - MAIN ENTRY--PERSONAL NAME | |
| Personal name | Lloyd Holt, S. |
| 245 ## - TITLE STATEMENT | |
| Title | Make a PACT with the Woolf |
| 260 ## - PUBLICATION, DISTRIBUTION, ETC. | |
| Date of publication, distribution, etc. | 2001 |
| 490 ## - SERIES STATEMENT | |
| Series statement | Estates Gazette |
| Volume/sequential designation | (0136) 8 September 2001, 171(1) |
| 520 ## - SUMMARY, ETC. | |
| Summary, etc. | PACT - professional arbitration on court terms - was launched in June 1997. It was designed to provide an alternative to court, by enabling landlords and tenants to have the terms and the rent payable under a new lease decided by a valuer or a solicitor, acting as an arbitrator or independent expert. Considers the past and future performance of PACT. Despite the flexibility and cost savings it offers, latest statistics indicate very limited use of PACT. Considers reasons for this and suggests that in most cases an experienced arbitrator or independent expert can deal with an opposed lease renewal. Predicts that the introduction of CPR Pt 56 on 15 October 2001, which will bring additional costs and extra work, will lead to increased use of PACT. |
| 590 ## - LOCAL NOTE (RLIN) | |
| Local note | ABS |
| 650 ## - SUBJECT ADDED ENTRY--TOPICAL TERM | |
| Topical term or geographic name entry element | PACT |
| 650 ## - SUBJECT ADDED ENTRY--TOPICAL TERM | |
| Topical term or geographic name entry element | MANAGEMENT-DISPUTE AVOIDANCE, MANAGEMENT AND RESOLUTION-DISPUTE MANAGEMENT AND RESOLUTION-ARBITRATION |
| 650 ## - SUBJECT ADDED ENTRY--TOPICAL TERM | |
| Topical term or geographic name entry element | INDEPENDENT EXPERTS |
| 650 ## - SUBJECT ADDED ENTRY--TOPICAL TERM | |
| Topical term or geographic name entry element | CIVIL PROCEDURE RULES PART 56 |
| 650 ## - SUBJECT ADDED ENTRY--TOPICAL TERM | |
| Topical term or geographic name entry element | LEASE RENEWALS |
| 650 ## - SUBJECT ADDED ENTRY--TOPICAL TERM | |
| Topical term or geographic name entry element | LANDLORD AND TENANT |
| 9 (RLIN) | 6252 |
| 690 ## - LOCAL SUBJECT ADDED ENTRY--TOPICAL TERM (OCLC, RLIN) | |
| Topical term or geographic name as entry element | Dispute resolution |
| 9 (RLIN) | 6236 |
| 942 ## - ADDED ENTRY ELEMENTS (KOHA) | |
| Suppress in OPAC | 0 |
| Withdrawn status | Lost status | Source of classification or shelving scheme | Damaged status | Not for loan | Home library | Current library | Shelving location | Date acquired | Total Checkouts | Full call number | Barcode | Date last seen | Copy number | Price effective from | Koha item type |
|---|---|---|---|---|---|---|---|---|---|---|---|---|---|---|---|
| Dewey Decimal Classification | London | London | Journal article | 17/09/2001 | ABS64518 | 114617-1001 | 06/08/2019 | 1 | 06/08/2019 | Journal article |